[Event "Crikvenica City-ch"]
[Site "Crikvenica"]
[Date "2022.02.19"]
[Round "3"]
[White "Pjevac, Dane"]
[Black "Bozic, Velimir"]
[Result "1-0"]
[WhiteElo "1810"]
[BlackElo "1803"]
[PlyCount "78"]
[EventDate "2022.02.12"]
[EventType "swiss"]
[EventRounds "7"]
[EventCountry "CRO"]
[SourceTitle "CBM 207 Extra"]
[Source "ChessBase"]
[SourceDate "2022.05.31"]
[SourceVersion "1"]
[SourceVersionDate "2022.05.31"]
[SourceQuality "1"]

1. e4 g6 2. d4 Bg7 3. Bc4 e5 4. Nf3 exd4 5. Ng5 Nh6 6. 0-0 0-0 7. c3 c5 8. Qd3 Nc6 9. Bf4 d6 10. cxd4 Nxd4 11. Nc3 Kh8 12. Rad1 Be5 13. Be3 f6 14. f4 fxg5 15. fxe5 dxe5 16. Rxf8+ Qxf8 17. Bxg5 Ng4 18. Rf1 Qd6 19. h3 h6 20. Nb5 Nxb5 21. Bxb5 Qxd3 22. Bxd3 hxg5 23. hxg4 Bxg4 24. Bc4 Rd8 25. Bd5 Rd7 26. Rf8+ Kg7 27. Rg8+ Kf6 28. Rf8+ Ke7 29. Rf7+ Kd6 30. Rf6+ Kc7 31. Rxg6 Re7 32. Rxg5 Bd7 33. Rg6 Be8 34. Rf6 a6 35. Kf2 Bd7 36. Kf3 a5 37. g4 Rg7 38. Be6 b5 39. Bf5 a4 1-0

[Event "Crikvenica City-ch"]
[Site "Crikvenica"]
[Date "2022.02.16"]
[Round "2"]
[White "Zagorac, Marko"]
[Black "Pjevac, Dane"]
[Result "0-1"]
[WhiteElo "1605"]
[BlackElo "1810"]
[PlyCount "78"]
[EventDate "2022.02.12"]
[EventType "swiss"]
[EventRounds "7"]
[EventCountry "CRO"]
[SourceTitle "CBM 207 Extra"]
[Source "ChessBase"]
[SourceDate "2022.05.31"]
[SourceVersion "1"]
[SourceVersionDate "2022.05.31"]
[SourceQuality "1"]

1. e4 e6 2. Nf3 Bc5 3. d4 Be7 4. Nc3 c5 5. Be3 cxd4 6. Nxd4 d6 7. Be2 Nf6 8. h3 0-0 9. Qd2 e5 10. Nf5 Bxf5 11. exf5 d5 12. Bg5 d4 13. Bxf6 dxc3 14. Qxc3 Bxf6 15. Qd3 Qa5+ 16. c3 Rd8 17. Qb5 Qxb5 18. Bxb5 a6 19. Be2 Nc6 20. 0-0 Rd2 21. Bf3 Rxb2 22. Rab1 Rxb1 23. Rxb1 Na5 24. Bd5 Rd8 25. c4 Be7 26. g4 Bc5 27. Rd1 Kf8 28. g5 Nxc4 29. f6 Nb6 30. fxg7+ Kxg7 31. Bf3 Rxd1+ 32. Bxd1 Nd7 33. Be2 Bd4 34. h4 h6 35. Kg2 hxg5 36. hxg5 Kg6 37. Bf3 Kxg5 38. Bxb7 Nc5 39. Bd5 f5 0-1